Religion in Singapore - Statistics

General Stats
  • This quiz has been taken 140 times
  • The average score is 4 of 5
Answer Stats
% of population Religious group % Correct
18.7 Christianity (including Catholicism)
100%
14.0 Islam
98%
33.2 Buddhism
96%
5.0 Hinduism
94%
10.0 Taoism and folk religion
55%
No matching quizzes found
Score Distribution
Percent of People with Each Score
Percentile by Number Answered
Your Score History
You have not taken this quiz